LEADER 02032oas 2200805 a 450 001 9910143840403321 005 20260218111757.0 035 $a(DE-599)ZDB2450970-X 035 $a(OCoLC)456193762 035 $a(CONSER) 2012243153 035 $a(CKB)1000000000533437 035 $a(DE-599)2450970-X 035 $a(EXLCZ)991000000000533437 100 $a20090603a20089999 uy 101 0 $aeng 135 $aur||||||||||| 181 $ctxt$2rdacontent 182 $cc$2rdamedia 183 $acr$2rdacarrier 200 00$aInternational Journal of Dream Research 210 $aMannheim $cCentral Institute of Mental Health 215 $a1 online resource 300 $aRefereed/Peer-reviewed 300 $aTitle from content provider. 311 08$a1866-7953 517 1 $aIJODR 517 1 $aPsychological aspects of sleep and dreaming 531 0 $aInt. j. dream res. 606 $aDreams$xResearch$vPeriodicals 606 $aDreams$xpsychology 606 $aDreams$xResearch$2fast$3(OCoLC)fst00897906 608 $aPeriodical. 608 $aPeriodicals.$2fast 615 0$aDreams$xResearch 615 12$aDreams$xpsychology. 615 7$aDreams$xResearch. 686 $a150$a610$a260$a870$2zdbs 712 02$aZentralinstitut fu?r Seelische Gesundheit (Mannheim, Germany) 801 0$bWaSeSS 801 1$bQE2 801 2$bOCLCS 801 2$bOCLCQ 801 2$bHEBIS 801 2$bOCLCQ 801 2$bAU@ 801 2$bDEBBG 801 2$bGWDNB 801 2$bNTE 801 2$bCUD 801 2$bOCLCQ 801 2$bNLM 801 2$bOCLCQ 801 2$bGBVCP 801 2$bCUS 801 2$bOCLCF 801 2$bOCLCQ 801 2$bUAB 801 2$bOCLCO 801 2$bOCLCA 801 2$bVT2 801 2$bBWN 801 2$bOCLCQ 801 2$bCUS 801 2$bOCLCQ 801 2$bOCLCL 801 2$bOCLCQ 906 $aJOURNAL 912 $a9910143840403321 996 $aInternational Journal of Dream Research$92017896 997 $aUNINA